000 00306nam a22001337a 4500
008 181107b xxu||||| |||| 00| 0 eng d
020 _a024933019953
041 _aeng
080 _a330
100 _a52
101 _aMBE
245 _aOil and the Future of Energy
_cScientific American
942 _2udc
_cBK
999 _c52213
_d52213